000 00800nam a22002297a 4500
999 _c14138
_d14138
003 MIRAKIL
005 20201027130401.0
008 201027b tu ||||| |||| 00| 0 tur d
040 _aTR-AnCHP
_btur
_cTR-AnCHP
082 _aATA 923.156
_bB25y 1981
100 _aBanoğlu, Niyazi Ahmet
245 _aYayınlanmamış belgelerle Atatürk :
_bSiyasi ve özel hayat ilkeleri /
_cNiyazi Ahmet Banoğlu
250 _a2 bs.
260 _aİstanbul:
_bGözde Yayınları,
_c1981.
300 _a384 s.;
_c19 sm.
490 0 _aGözde Yayınları;
_v1.
600 _aAtatürk, Mustafa Kemal
_d1881-1938
_xYaşamöyküsü
650 _aCumhurbaşkanları
_xYaşamöyküsü
_zTürkiye
651 _aTürkiye
_xSiyaset ve yönetim
_y20. yüzyıl
651 _aTürkiye
_xTarih
_y20. yüzyıl
942 _2ddc
_cBKS